00718nam a2200193 a 4500008004100000020001500041050001800056100001900074245004300093250001200136260003400148300002400182350000900206500002200215650004000237995009600277999001700373952013400390120416s1997 ||||||||||||||||| || u a071672863X aQA 276.12 Moo aMoore, David S10aStatistics: concepts and contraversies a4th ed. aNew York:bW.H. Freemanc1997 axvii, 526 p.: ill.  a0.00 aIncludes indexes. aSTATISTICS--HANDBOOKS, MANUALS, ETC D0.00FCBU-MAIN LIBRARY (Kitwe)H1I20.00M1UAVAILABLEZMain Library Open Access Collection c58350d58350 00102lcc4070a001b001cMain Library Open Access Collectiond2022-11-30l0oQA 276.12 Moop027166r2022-11-30w2022-11-30y002